[Event "XtraCon-Skakligaen"]
[Site "Denmark"]
[Date "2008.12.07"]
[Round "3.8"]
[White "Pedersen, Peter Brondt"]
[Black "Bekker Jensen, David"]
[Result "0-1"]
[WhiteElo "2106"]
[BlackElo "2310"]
[PlyCount "60"]
[EventDate "2008.11.01"]
[EventType "team-tourn"]
[EventRounds "9"]
[EventCountry "DEN"]
[WhiteTeam "Bronshoj"]
[BlackTeam "Helsinge"]
[WhiteTeamCountry "DEN"]
[BlackTeamCountry "DEN"]

1. d4 Nf6 2. Nf3 g6 3. Bf4 Bg7 4. e3 O-O 5. Be2 d6 6. h3 Nfd7 7. O-O Nc6 8. c3
e5 9. Bh2 f5 10. dxe5 dxe5 11. Na3 g5 12. Nc4 Qf6 13. b4 f4 14. Nfd2 Nb6 15.
Na5 Qg6 16. e4 Rd8 17. Qc2 Nxa5 18. bxa5 Nd7 19. Rad1 Re8 20. Qa4 Kh8 21. f3 h5
22. Nb3 Nf6 23. a6 g4 24. hxg4 hxg4 25. axb7 g3 26. bxc8=Q Raxc8 27. Bxg3 fxg3
28. Qxa7 Qh6 29. Rfe1 Ra8 30. Qc5 Bf8 0-1

[Event "XtraCon-Skakligaen"]
[Site "Denmark"]
[Date "2008.12.07"]
[Round "3.1"]
[White "Rasmussen, Allan Stig"]
[Black "Pedersen, Nicolai Vesterbaek"]
[Result "1-0"]
[WhiteElo "2501"]
[BlackElo "2443"]
[PlyCount "77"]
[EventDate "2008.11.01"]
[EventType "team-tourn"]
[EventRounds "9"]
[EventCountry "DEN"]
[WhiteTeam "Jetsmark"]
[BlackTeam "Aalborg"]
[WhiteTeamCountry "DEN"]
[BlackTeamCountry "DEN"]

1. e4 e5 2. Nf3 Nc6 3. Bb5 Nf6 4. O-O Nxe4 5. d4 Nd6 6. Bxc6 dxc6 7. dxe5 Nf5
8. Qxd8+ Kxd8 9. Nc3 Bd7 10. h3 b6 11. Rd1 Kc8 12. g4 Ne7 13. Ng5 f6 14. Nf7
Rg8 15. Ne4 fxe5 16. Nxe5 Be8 17. f4 Nd5 18. b3 a5 19. a4 Kb7 20. c4 Nf6 21.
Ng3 h5 22. g5 h4 23. Nf5 Ne4 24. Be3 Rh8 25. Kg2 g6 26. Nd4 Bd6 27. Ndf3 c5 28.
Rd3 Ng3 29. Re1 Rh7 30. Nxh4 Bxe5 31. Kxg3 Bd6 32. Nf3 Bd7 33. h4 Rah8 34. Bd2
Bc6 35. Bc3 Rf8 36. Ne5 Rg8 37. Ng4 Bxf4+ 38. Kxf4 Rxh4 39. Bf6 1-0

[Event "XtraCon-Skakligaen"]
[Site "Denmark"]
[Date "2008.12.07"]
[Round "3.2"]
[White "Pedersen, Erik"]
[Black "Pedersen, Christian Kyndel"]
[Result "0-1"]
[WhiteElo "2417"]
[BlackElo "2426"]
[PlyCount "74"]
[EventDate "2008.11.01"]
[EventType "team-tourn"]
[EventRounds "9"]
[EventCountry "DEN"]
[WhiteTeam "Aalborg"]
[BlackTeam "Jetsmark"]
[WhiteTeamCountry "DEN"]
[BlackTeamCountry "DEN"]

1. d4 Nf6 2. Nf3 g6 3. Nc3 d5 4. Bf4 Bg7 5. Qd2 O-O 6. Bh6 Nc6 7. Bxg7 Kxg7 8.
Ne5 Qd6 9. f4 Bf5 10. e3 Nb4 11. Bd3 Nxd3+ 12. cxd3 c5 13. dxc5 Qxc5 14. Ne2
Nd7 15. O-O Nxe5 16. fxe5 Qc7 17. d4 Rac8 18. Rac1 Qd7 19. a3 f6 20. Nf4 Be4
21. h3 b6 22. Qb4 Kg8 23. e6 Qb7 24. Qb5 Rfd8 25. a4 Rd6 26. a5 Rdc6 27. Rxc6
Qxc6 28. Qb4 Rc7 29. axb6 axb6 30. Ra1 g5 31. Nh5 Qxe6 32. Ra8+ Kf7 33. Qa4 Qc6
34. Ng3 Qxa4 35. Rxa4 Rc1+ 36. Kh2 Bd3 37. Ra7 Rb1 0-1

[Event "XtraCon-Skakligaen"]
[Site "Denmark"]
[Date "2008.12.07"]
[Round "3.3"]
[White "Christensen, Stefan"]
[Black "Meyer, Lars August"]
[Result "1-0"]
[WhiteElo "2319"]
[BlackElo "2270"]
[PlyCount "57"]
[EventDate "2008.11.01"]
[EventType "team-tourn"]
[EventRounds "9"]
[EventCountry "DEN"]
[WhiteTeam "Jetsmark"]
[BlackTeam "Aalborg"]
[WhiteTeamCountry "DEN"]
[BlackTeamCountry "DEN"]

1. e4 e6 2. d4 d5 3. Nc3 Nf6 4. Bg5 dxe4 5. Nxe4 Be7 6. Bxf6 gxf6 7. Nf3 b6 8.
Bc4 Bb7 9. Qe2 c6 10. O-O Nd7 11. Nh4 Qc7 12. Qh5 Nf8 13. Rfe1 Rg8 14. Bxe6
Nxe6 15. Nxf6+ Bxf6 16. Rxe6+ Be7 17. Rae1 Bc8 18. Rxe7+ Qxe7 19. Rxe7+ Kxe7
20. Qe5+ Be6 21. Qc7+ Kf6 22. Qe5+ Ke7 23. Qc7+ Kf6 24. Qxc6 Rac8 25. Qe4 Rg4
26. Qe5+ Ke7 27. Nf5+ Kf8 28. Qd6+ Kg8 29. Nh6+ 1-0

[Event "XtraCon-Skakligaen"]
[Site "Denmark"]
[Date "2008.12.07"]
[Round "3.4"]
[White "Pedersen, Daniel Vesterbaek"]
[Black "Helledie, Anders"]
[Result "1-0"]
[WhiteElo "2234"]
[BlackElo "2215"]
[PlyCount "89"]
[EventDate "2008.11.01"]
[EventType "team-tourn"]
[EventRounds "9"]
[EventCountry "DEN"]
[WhiteTeam "Aalborg"]
[BlackTeam "Jetsmark"]
[WhiteTeamCountry "DEN"]
[BlackTeamCountry "DEN"]

1. e4 e6 2. d4 d5 3. Nc3 Nf6 4. Bg5 Be7 5. e5 Nfd7 6. h4 O-O 7. Bd3 c5 8. dxc5
Nxe5 9. Bxh7+ Kxh7 10. Bxe7 Qxe7 11. Qh5+ Kg8 12. Qxe5 Qxc5 13. Nf3 Nc6 14. Qg5
Bd7 15. h5 Qe7 16. Qe3 b5 17. O-O-O b4 18. Ne2 a5 19. Nf4 Rfc8 20. h6 g6 21.
h7+ Kg7 22. Rd3 a4 23. Ne5 g5 24. Nxc6 Bxc6 25. Nh5+ Kg6 26. f4 f6 27. f5+ Kxf5
28. Rf1+ Kg6 29. Rxf6+ Qxf6 30. Nxf6 Kxf6 31. Qd4+ e5 32. Rf3+ Ke6 33. Qg4+ Kd6
34. Qxb4+ Ke6 35. Qg4+ Kd6 36. Qxg5 e4 37. Rh3 Bd7 38. Rh6+ Kc5 39. Qe3+ Kb5
40. Qb6+ Kc4 41. b3+ axb3 42. Qxb3+ Kc5 43. Qe3+ d4 44. Qb3 e3 45. Rh5+ 1-0

[Event "XtraCon-Skakligaen"]
[Site "Denmark"]
[Date "2008.12.07"]
[Round "3.5"]
[White "Wiwe, Andreas"]
[Black "Nielsen, Steffen Slumstrup"]
[Result "1-0"]
[WhiteElo "2185"]
[BlackElo "2221"]
[PlyCount "63"]
[EventDate "2008.11.01"]
[EventType "team-tourn"]
[EventRounds "9"]
[EventCountry "DEN"]
[WhiteTeam "Jetsmark"]
[BlackTeam "Aalborg"]
[WhiteTeamCountry "DEN"]
[BlackTeamCountry "DEN"]

1. e4 Nf6 2. e5 Nd5 3. d4 d6 4. Nf3 Bg4 5. Be2 c6 6. c4 Nb6 7. Nbd2 dxe5 8.
Nxe5 Bxe2 9. Qxe2 e6 10. O-O Be7 11. Ndf3 O-O 12. Rd1 N8d7 13. Bf4 Qe8 14. Rac1
Bf6 15. Ng4 Be7 16. h3 Nf6 17. Nge5 c5 18. Be3 cxd4 19. Bxd4 Qa4 20. Bxb6 axb6
21. a3 Rac8 22. Nd4 Rfd8 23. Nb5 Qb3 24. Re1 Bc5 25. Rc3 Qa2 26. Rf3 Rf8 27.
Nc3 Qb3 28. Ne4 Qa4 29. Nxf6+ gxf6 30. Rg3+ Kh8 31. Qg4 Rg8 32. Nxf7# 1-0

[Event "XtraCon-Skakligaen"]
[Site "Denmark"]
[Date "2008.12.07"]
[Round "3.6"]
[White "Hjorth, Torben"]
[Black "Jensen, Bjarke"]
[Result "0-1"]
[WhiteElo "2159"]
[BlackElo "2225"]
[PlyCount "78"]
[EventDate "2008.11.01"]
[EventType "team-tourn"]
[EventRounds "9"]
[EventCountry "DEN"]
[WhiteTeam "Aalborg"]
[BlackTeam "Jetsmark"]
[WhiteTeamCountry "DEN"]
[BlackTeamCountry "DEN"]

1. e4 c5 2. b3 Nc6 3. Bb2 a6 4. Nf3 e6 5. Be2 Qc7 6. O-O Nf6 7. d3 Be7 8. c4 d5
9. cxd5 exd5 10. Nc3 d4 11. Nb1 Ng4 12. Nbd2 h5 13. Rc1 Be6 14. a3 a5 15. Re1
g5 16. Bf1 Qf4 17. g3 Qf6 18. Bg2 h4 19. e5 Qh6 20. h3 Nxf2 21. Kxf2 hxg3+ 22.
Kg1 Bxh3 23. Qe2 g4 24. Bxh3 Qxh3 25. Qg2 gxf3 26. Nxf3 Qf5 27. Re4 O-O-O 28.
Rf1 Rdg8 29. Nxd4 Qd7 30. e6 fxe6 31. Nxe6 Rh2 32. Qf3 Rxb2 33. Rc1 c4 34.
Rcxc4 Bd8 35. b4 Bb6+ 36. Kf1 g2+ 37. Ke1 g1=Q+ 38. Qf1 Rb1+ 39. Kd2 Qxf1 0-1

[Event "XtraCon-Skakligaen"]
[Site "Denmark"]
[Date "2008.12.07"]
[Round "3.7"]
[White "Rathlev, Jakob"]
[Black "Nielsen, Jorgen G"]
[Result "1/2-1/2"]
[WhiteElo "2172"]
[BlackElo "2159"]
[PlyCount "97"]
[EventDate "2008.11.01"]
[EventType "team-tourn"]
[EventRounds "9"]
[EventCountry "DEN"]
[WhiteTeam "Jetsmark"]
[BlackTeam "Aalborg"]
[WhiteTeamCountry "DEN"]
[BlackTeamCountry "DEN"]

1. d4 Nf6 2. Nf3 e6 3. Bf4 c5 4. c3 Qb6 5. Qb3 Qxb3 6. axb3 Nc6 7. e3 Nd5 8.
Bg3 cxd4 9. Nxd4 Nxd4 10. exd4 f5 11. f3 Ne3 12. Kd2 Nxf1+ 13. Rxf1 b5 14. b4
Bb7 15. h4 Be7 16. Na3 Bc6 17. d5 exd5 18. Nc2 O-O 19. Nd4 f4 20. Bf2 a6 21.
Rfe1 Bd6 22. Ra2 Bb7 23. Nb3 Rfe8 24. Raa1 Kf7 25. Bd4 Re6 26. Bc5 Bc7 27. Re2
Rae8 28. Rae1 Bd8 29. Bf2 Rxe2+ 30. Rxe2 Rxe2+ 31. Kxe2 d6 32. Nc1 Ke6 33. Bd4
g6 34. Bf2 Kf5 35. Kd3 Bf6 36. Ne2 Be5 37. Bb6 Ke6 38. Bd8 h6 39. Bb6 Bc8 40.
Bd8 Kf7 41. Bb6 Bf5+ 42. Kd2 Bd7 43. Nc1 Bf5 44. Nb3 Bf6 45. Bf2 g5 46. hxg5
hxg5 47. Nd4 Bd7 48. Ne2 Be5 49. g4 1/2-1/2

[Event "XtraCon-Skakligaen"]
[Site "Denmark"]
[Date "2008.12.07"]
[Round "3.8"]
[White "Andersen, Soren"]
[Black "Rasmussen, Henning Lau"]
[Result "1-0"]
[WhiteElo "2018"]
[BlackElo "2104"]
[PlyCount "70"]
[EventDate "2008.11.01"]
[EventType "team-tourn"]
[EventRounds "9"]
[EventCountry "DEN"]
[WhiteTeam "Aalborg"]
[BlackTeam "Jetsmark"]
[WhiteTeamCountry "DEN"]
[BlackTeamCountry "DEN"]

1. d4 d5 2. c4 c6 3. Nf3 Nf6 4. Nc3 a6 5. a4 e6 6. Bf4 Bb4 7. e3 Qa5 8. Rc1 c5
9. dxc5 Bd7 10. Nd2 Qxc5 11. cxd5 Nxd5 12. Nde4 Qa5 13. Nd6+ Ke7 14. Nc4 Bxa4
15. Qd4 Qd8 16. Qxg7 Nxf4 17. Qg5+ Ke8 18. Qxf4 Nc6 19. Be2 Bb5 20. O-O Bxc4
21. Qxc4 Rg8 22. Bf3 Ne5 23. Qe4 Nxf3+ 24. Qxf3 Qe7 25. Ne4 Rg6 26. Rfd1 Rd8
27. Rxd8+ Qxd8 28. Ng3 Qb6 29. h3 Ke7 30. Rd1 Bd6 31. Ne4 Bb8 32. Qh5 Qb5 33.
Qh4+ Kf8 34. Qxh7 Qxb2 35. Rd8+ Ke7 1-0

[Event "XtraCon-Skakligaen"]
[Site "Denmark"]
[Date "2008.12.07"]
[Round "3.1"]
[White "Hector, Jonny"]
[Black "Hansen, Sune Berg"]
[Result "1-0"]
[WhiteElo "2552"]
[BlackElo "2544"]
[PlyCount "213"]
[EventDate "2008.11.01"]
[EventType "team-tourn"]
[EventRounds "9"]
[EventCountry "DEN"]
[WhiteTeam "Nordkalotten"]
[BlackTeam "Helsingor"]
[WhiteTeamCountry "DEN"]
[BlackTeamCountry "DEN"]

1. e4 e5 2. Nf3 Nc6 3. Bc4 Bc5 4. b4 Bb6 5. b5 Nd4 6. Nxd4 Bxd4 7. c3 Bb6 8. d4
Qh4 9. O-O Nf6 10. Nd2 d6 11. a4 a5 12. bxa6 O-O 13. a5 Ba7 14. Nf3 Qxe4 15.
Bd3 Qg4 16. dxe5 dxe5 17. h3 Qh5 18. Re1 e4 19. Bxe4 Nxe4 20. Rxe4 bxa6 21. Re5
Qg6 22. Ba3 c5 23. Rg5 Qc6 24. Rb1 Be6 25. Re5 h6 26. Qe2 Rab8 27. Re1 Rb3 28.
Bc1 Rd8 29. Qc2 Rb7 30. R5e3 Bb8 31. Ne5 Bxe5 32. Rxe5 Rd5 33. Qe4 Qd6 34. Bf4
Rxe5 35. Bxe5 Qd5 36. Qxd5 Bxd5 37. Bd6 c4 38. Re8+ Kh7 39. Bb4 Bc6 40. Rd8 Rd7
41. Rb8 Rd1+ 42. Kh2 Rd2 43. Kg3 Rd3+ 44. f3 Rd2 45. Rb6 Bb5 46. h4 h5 47. Rb7
Rd7 48. Rb8 Rd2 49. Rc8 f6 50. Rc7 Kg6 51. Bc5 Rd7 52. Rc8 Rd2 53. Bb4 Kf7 54.
Rc7+ Kg6 55. Rc5 Kh6 56. Kh3 Rd3 57. Rc7 Kg6 58. Kh2 Rd7 59. Rc5 Rd2 60. Rc8
Kf7 61. Kg1 Kg6 62. Rc5 Rd3 63. Kf2 Rd2+ 64. Kf1 Ra2 65. Rd5 Ra1+ 66. Kf2 Ra2+
67. Kg3 Re2 68. Rd8 Re8 69. Rd2 Re3 70. Kf4 Rd3 71. Re2 Kh6 72. Re6 Kg6 73. Rb6
Rd2 74. g3 Kf7 75. Bc5 Kg6 76. g4 hxg4 77. fxg4 Rd1 78. Bd4 Rf1+ 79. Kg3 Re1
80. h5+ Kh6 81. Rb7 Re6 82. Rc7 Rd6 83. Kf4 Rd7 84. Rc8 Kh7 85. Ke4 Rd6 86. Rb8
Bc6+ 87. Kf4 Rd5 88. Rb6 Bb5 89. Be3 Rg5 90. Kf3 Re5 91. Bd4 Rd5 92. Kf4 Rd7
93. Ke4 Rd8 94. Be3 Rd7 95. h6 Re7+ 96. Kf3 Rc7 97. hxg7 Kxg7 98. Bd4 Rc6 99.
Rb8 Kg6 100. Kf4 Rd6 101. Rb7 Re6 102. Rc7 Rd6 103. Rc8 Rd7 104. Rc5 Rd6 105.
Rc8 Re6 106. Rb8 Bc6 107. Kg3 1-0

[Event "XtraCon-Skakligaen"]
[Site "Denmark"]
[Date "2008.12.07"]
[Round "3.2"]
[White "Mortensen, Erling"]
[Black "Jakobsen, Peter"]
[Result "1-0"]
[WhiteElo "2455"]
[BlackElo "2219"]
[PlyCount "83"]
[EventDate "2008.11.01"]
[EventType "team-tourn"]
[EventRounds "9"]
[EventCountry "DEN"]
[WhiteTeam "Helsingor"]
[BlackTeam "Nordkalotten"]
[WhiteTeamCountry "DEN"]
[BlackTeamCountry "DEN"]

1. e4 e5 2. Nf3 Nc6 3. Bb5 a6 4. Ba4 Nf6 5. d3 d6 6. c3 g6 7. Nbd2 Bg7 8. Nf1
O-O 9. Bg5 h6 10. Bh4 b5 11. Bb3 Bb7 12. Ne3 Nb8 13. Bxf6 Qxf6 14. h4 Nc6 15.
h5 g5 16. Nh2 Qd8 17. Bd5 Rb8 18. Nhg4 Ne7 19. Bxb7 Rxb7 20. Qf3 Qc8 21. Nf5
Nxf5 22. exf5 f6 23. O-O c6 24. b3 Rd8 25. c4 bxc4 26. bxc4 Qc7 27. Rfe1 Rb2
28. d4 Rd2 29. Rad1 Qa5 30. Qxc6 Rxd4 31. Ne3 Kh7 32. a4 Rb8 33. Rb1 Rb2 34.
Rf1 Rdd2 35. Rxb2 Rxb2 36. Qxd6 Qxa4 37. Nd5 Qxc4 38. Nxf6+ Bxf6 39. Qxf6 Qg8
40. Rc1 Rb7 41. Qxe5 Qf7 42. f6 1-0

[Event "XtraCon-Skakligaen"]
[Site "Denmark"]
[Date "2008.12.07"]
[Round "3.3"]
[White "Nielsen, Lars Aaes"]
[Black "Nielsen, Nicholas Roland"]
[Result "1/2-1/2"]
[WhiteElo "2178"]
[BlackElo "2146"]
[PlyCount "97"]
[EventDate "2008.11.01"]
[EventType "team-tourn"]
[EventRounds "9"]
[EventCountry "DEN"]
[WhiteTeam "Nordkalotten"]
[BlackTeam "Helsingor"]
[WhiteTeamCountry "DEN"]
[BlackTeamCountry "DEN"]

1. e4 c5 2. c3 g6 3. d4 cxd4 4. cxd4 Bg7 5. Nc3 d6 6. Be3 Nf6 7. Be2 Nc6 8. h3
Qa5 9. Qd2 O-O 10. Nf3 e5 11. d5 Nd4 12. Nxd4 exd4 13. Bxd4 Nxe4 14. Nxe4 Qxd2+
15. Kxd2 Bxd4 16. Nxd6 Rd8 17. Nxc8 Raxc8 18. Bf3 Bxb2 19. Rab1 Bc3+ 20. Kd3 b6
21. Rhc1 Be5 22. Rxc8 Rxc8 23. Re1 f6 24. Bd1 Rc3+ 25. Kd2 Rc5 26. Ke3 Rc3+ 27.
Ke2 Rc1 28. Ba4 Rxe1+ 29. Kxe1 Kf7 30. Kd2 Ke7 31. Kd3 Kd6 32. Kc4 a6 33. Bc6
Bh2 34. Bb7 Bg1 35. f3 a5 36. a4 h5 37. h4 Bf2 38. Bc6 Bxh4 39. Be8 g5 40. Bxh5
Bf2 41. Bg4 Bc5 42. Be6 Ke5 43. Kb5 Kd6 44. Kc4 Ke5 45. Kd3 Bf2 46. Ke2 Bc5 47.
g3 Kd4 48. Kd2 Bd6 49. g4 1/2-1/2

[Event "XtraCon-Skakligaen"]
[Site "Denmark"]
[Date "2008.12.07"]
[Round "3.5"]
[White "Hove, Esben Kjems"]
[Black "Larsen, Ole Bogh"]
[Result "1/2-1/2"]
[WhiteElo "2285"]
[BlackElo "2274"]
[PlyCount "73"]
[EventDate "2008.11.01"]
[EventType "team-tourn"]
[EventRounds "9"]
[EventCountry "DEN"]
[WhiteTeam "Nordkalotten"]
[BlackTeam "Helsingor"]
[WhiteTeamCountry "DEN"]
[BlackTeamCountry "DEN"]

1. d4 Nf6 2. Nf3 g6 3. Bg5 Ne4 4. Bf4 Bg7 5. Nbd2 d5 6. c3 O-O 7. h3 c5 8. e3
Nc6 9. Be2 cxd4 10. exd4 Bf5 11. O-O Rc8 12. Nxe4 Bxe4 13. Nd2 Bf5 14. Re1 a6
15. Nb3 Qb6 16. Bf3 Rfd8 17. Qe2 a5 18. g4 Be4 19. Bxe4 dxe4 20. Qxe4 a4 21.
Nc1 Qxb2 22. Ne2 Qb5 23. Rab1 Qc4 24. Rxb7 e5 25. Bg5 Re8 26. Nc1 Qxc3 27. d5
Nd4 28. Kg2 f6 29. d6 Rcd8 30. Qd5+ Re6 31. Rxe5 fxe5 32. Bxd8 e4 33. Bb6 Qf3+
34. Kg1 Qd1+ 35. Kg2 Qf3+ 36. Kg1 Qd1+ 37. Kg2 1/2-1/2

[Event "XtraCon-Skakligaen"]
[Site "Denmark"]
[Date "2008.12.07"]
[Round "3.6"]
[White "Fagerstrom, Bjorn"]
[Black "Ejsing, Esben"]
[Result "1-0"]
[WhiteElo "2132"]
[BlackElo "2221"]
[PlyCount "90"]
[EventDate "2008.11.01"]
[EventType "team-tourn"]
[EventRounds "9"]
[EventCountry "DEN"]
[WhiteTeam "Helsingor"]
[BlackTeam "Nordkalotten"]
[WhiteTeamCountry "DEN"]
[BlackTeamCountry "DEN"]

1. d4 c5 2. e3 Nf6 3. Nf3 g6 4. Bd3 Bg7 5. O-O O-O 6. b3 Nc6 7. Bb2 cxd4 8.
exd4 d5 9. a3 Nh5 10. Ne5 Nf4 11. Bb5 Qb6 12. Bxc6 bxc6 13. Nd2 f6 14. Nef3 Bd7
15. Re1 Rae8 16. b4 g5 17. Nb3 g4 18. Nc5 Bc8 19. Nd2 a5 20. c3 e5 21. Ndb3
axb4 22. cxb4 e4 23. Bc1 Nh5 24. h3 f5 25. hxg4 fxg4 26. g3 Qc7 27. Re3 Bh6 28.
Qe1 Ng7 29. Rc3 e3 30. fxe3 Bf5 31. b5 Nh5 32. bxc6 Be4 33. Nxe4 dxe4 34. Ra2
Rf3 35. Rg2 Ref8 36. Nd2 Rxg3 37. Nxe4 Rxg2+ 38. Kxg2 Qf7 39. Qe2 Qd5 40. Qc4
Nf6 41. Qxd5+ Nxd5 42. Rc5 Bxe3 43. Rxd5 Bxc1 44. c7 Bf4 45. Nd6 Bxd6 1-0

[Event "XtraCon-Skakligaen"]
[Site "Denmark"]
[Date "2008.12.07"]
[Round "3.7"]
[White "Koch, Soren Andreas"]
[Black "Dalsberg, Sandra de Blecourt"]
[Result "0-1"]
[WhiteElo "2178"]
[BlackElo "2056"]
[PlyCount "112"]
[EventDate "2008.11.01"]
[EventType "team-tourn"]
[EventRounds "9"]
[EventCountry "DEN"]
[WhiteTeam "Nordkalotten"]
[BlackTeam "Helsingor"]
[WhiteTeamCountry "DEN"]
[BlackTeamCountry "DEN"]

1. d4 d5 2. Nf3 Nf6 3. c4 c6 4. e3 Bf5 5. Nc3 e6 6. h3 Nbd7 7. Nh4 Bg6 8. Nxg6
hxg6 9. Qc2 Bd6 10. b3 Qe7 11. Bb2 a5 12. Rd1 Bb4 13. Be2 g5 14. O-O g4 15.
hxg4 Bxc3 16. Bxc3 Ne4 17. g3 Qg5 18. Kg2 Ndf6 19. Rh1 Kd7 20. Bf3 Nxc3 21.
Qxc3 Nxg4 22. e4 dxe4 23. Bxe4 Qf6 24. Qf3 Rxh1 25. Rxh1 Qxf3+ 26. Kxf3 Nf6 27.
Bc2 Re8 28. Kf4 b6 29. g4 Re7 30. g5 Ne8 31. Re1 Kd6 32. a3 Nc7 33. Be4 Na6 34.
Bd3 Nc7 35. Re5 f6 36. c5+ Kd7 37. gxf6 gxf6 38. Rh5 b5 39. Rh8 Re8 40. Rxe8
Nd5+ 41. Kg3 Kxe8 42. Be4 Ne7 43. f4 Kf7 44. Kh4 Ng6+ 45. Kg4 f5+ 46. Bxf5
exf5+ 47. Kxf5 Nh4+ 48. Kg4 Ng2 49. Kf5 Ne3+ 50. Ke5 Ke7 51. f5 Nd5 52. a4 b4
53. f6+ Nxf6 54. Kf5 Nd5 55. Ke5 Nc3 56. Kf5 Nxa4 0-1

[Event "XtraCon-Skakligaen"]
[Site "Denmark"]
[Date "2008.12.07"]
[Round "3.8"]
[White "Molin, Claus"]
[Black "Lilja, Richard"]
[Result "1-0"]
[WhiteElo "2003"]
[BlackElo "2101"]
[PlyCount "51"]
[EventDate "2008.11.01"]
[EventType "team-tourn"]
[EventRounds "9"]
[EventCountry "DEN"]
[WhiteTeam "Helsingor"]
[BlackTeam "Nordkalotten"]
[WhiteTeamCountry "DEN"]
[BlackTeamCountry "DEN"]

1. Nf3 g6 2. g3 Bg7 3. Bg2 e5 4. c4 d6 5. d4 Nc6 6. dxe5 dxe5 7. Qxd8+ Nxd8 8.
Nc3 Ne7 9. Nb5 Ne6 10. Ng5 Nd4 11. Nxc7+ Kd7 12. Nxa8 f6 13. e3 Nc2+ 14. Ke2
fxg5 15. Rd1+ Ke8 16. Rb1 Bf5 17. Bd2 Kf7 18. Nc7 Rc8 19. Nb5 Rd8 20. Ba5 Rxd1
21. Rxd1 Nc6 22. Bxc6 bxc6 23. Nd6+ Ke6 24. Nxf5 gxf5 25. Rc1 Nxe3 26. fxe3 1-0

[Event "XtraCon-Skakligaen"]
[Site "Denmark"]
[Date "2008.12.07"]
[Round "3.1"]
[White "Matthiesen, Arne"]
[Black "Rasmussen, Karsten"]
[Result "1-0"]
[WhiteElo "2349"]
[BlackElo "2466"]
[PlyCount "107"]
[EventDate "2008.11.01"]
[EventType "team-tourn"]
[EventRounds "9"]
[EventCountry "DEN"]
[WhiteTeam "SK1968"]
[BlackTeam "Aarhus/Skolerne"]
[WhiteTeamCountry "DEN"]
[BlackTeamCountry "DEN"]

1. d4 d5 2. Nf3 Nf6 3. c4 e6 4. Nc3 c6 5. g3 dxc4 6. Ne5 b5 7. Bg2 Nd5 8. e4
Nxc3 9. bxc3 Be7 10. Qg4 O-O 11. O-O Kh8 12. Qh5 Qe8 13. d5 c5 14. d6 Bxd6 15.
Nxc4 bxc4 16. e5 Bxe5 17. Qxe5 Nc6 18. Qc7 Bd7 19. Rd1 Rc8 20. Qxd7 Rd8 21.
Bxc6 Rxd7 22. Bxd7 Qb8 23. Be3 Qe5 24. Rac1 g5 25. Bb5 h6 26. Bxc4 Kg7 27. Re1
Kg6 28. Bd3+ f5 29. Bc4 Qc7 30. f4 e5 31. fxe5 Re8 32. e6 h5 33. Bf2 h4 34. Bd5
hxg3 35. hxg3 f4 36. Kg2 c4 37. Bd4 g4 38. gxf4 Qxf4 39. Rc2 g3 40. Re3 Kh5 41.
Re5+ Kg6 42. Re3 Kh5 43. e7 Qh4 44. Rce2 Qh2+ 45. Kf1 Qh3+ 46. Kg1 Kh6 47. Bc6
Rb8 48. Bg2 Qh2+ 49. Kf1 Re8 50. Re6+ Kg5 51. R2e5+ Kg4 52. Rg6+ Kf4 53. Rf6+
Kg4 54. Bf3+ 1-0

[Event "XtraCon-Skakligaen"]
[Site "Denmark"]
[Date "2008.12.07"]
[Round "3.2"]
[White "Sorensen, Jan"]
[Black "Matthiesen, Martin"]
[Result "1/2-1/2"]
[WhiteElo "2439"]
[BlackElo "2298"]
[PlyCount "93"]
[EventDate "2008.11.01"]
[EventType "team-tourn"]
[EventRounds "9"]
[EventCountry "DEN"]
[WhiteTeam "Aarhus/Skolerne"]
[BlackTeam "SK1968"]
[WhiteTeamCountry "DEN"]
[BlackTeamCountry "DEN"]

1. e4 e5 2. Bc4 Nf6 3. d3 Nc6 4. Nc3 Bb4 5. Nge2 d5 6. exd5 Nxd5 7. O-O Be6 8.
Bb5 O-O 9. Bxc6 bxc6 10. Bd2 Be7 11. f4 exf4 12. Nxf4 Nxf4 13. Bxf4 c5 14. Nb5
Bd6 15. Nxd6 cxd6 16. Qf3 Qh4 17. Kh1 Rad8 18. Rae1 h6 19. h3 Rfe8 20. Bd2 Kh7
21. Re4 Qe7 22. Qh5 f6 23. Rfe1 Qf7 24. Qxf7 Bxf7 25. Rxe8 Rxe8 26. Rxe8 Bxe8
27. Bf4 Bf7 28. Bxd6 Bxa2 29. Bxc5 Bb1 30. c3 Bxd3 31. Bxa7 Kg6 32. Kg1 Kf5 33.
Kf2 Ke4 34. Bd4 h5 35. g3 Bc4 36. h4 Bb3 37. Bc5 g5 38. hxg5 fxg5 39. Be7 h4
40. gxh4 gxh4 41. Bxh4 Kd3 42. Be7 Kc4 43. Ke3 Kb5 44. Kd3 Bf7 45. Kc2 Ka4 46.
c4 Bxc4 47. Kc3 1/2-1/2

[Event "XtraCon-Skakligaen"]
[Site "Denmark"]
[Date "2008.12.07"]
[Round "3.3"]
[White "Holst, Allan"]
[Black "Rasmussen, Casper Dahl"]
[Result "0-1"]
[WhiteElo "2352"]
[BlackElo "2368"]
[PlyCount "128"]
[EventDate "2008.11.01"]
[EventType "team-tourn"]
[EventRounds "9"]
[EventCountry "DEN"]
[WhiteTeam "SK1968"]
[BlackTeam "Aarhus/Skolerne"]
[WhiteTeamCountry "DEN"]
[BlackTeamCountry "DEN"]

1. c4 Nf6 2. g3 c6 3. b3 d5 4. Bb2 Bf5 5. Nf3 e6 6. Bg2 h6 7. O-O Be7 8. d3 O-O
9. Na3 Nbd7 10. Nc2 a5 11. cxd5 exd5 12. Nfd4 Bh7 13. Qd2 Re8 14. Bh3 Bf8 15.
Rab1 Ne5 16. Nf5 c5 17. Nh4 d4 18. Bg2 Rb8 19. a3 b5 20. Nf3 Nxf3+ 21. Bxf3 b4
22. axb4 axb4 23. Ra1 Bf5 24. Ne1 Nd5 25. Ng2 Nc3 26. Rfe1 g5 27. e3 Be6 28.
Qc2 Qf6 29. Bh5 Ra8 30. e4 Qe7 31. f4 Bh3 32. fxg5 hxg5 33. Rf1 Be6 34. h4 Bh6
35. hxg5 Qxg5 36. g4 Rxa1 37. Bxa1 Ra8 38. Qf2 Ra7 39. Qg3 Bxb3 40. Qb8+ Kg7
41. Bxc3 dxc3 42. Qxa7 c2 43. Bxf7 Bxf7 44. Qxf7+ Kh8 45. Qe8+ Kh7 46. Qf7+ Kh8
47. Qe8+ Kh7 48. Qf7+ Bg7 49. Qc4 Bd4+ 50. Kh2 Be5+ 51. Kh3 Qh6+ 52. Nh4 Qe3+
53. Nf3 Qf4 54. Ng5+ Qxg5 55. Rf7+ Kg6 56. Qe6+ Bf6 57. Rxf6+ Qxf6 58. Qg8+ Qg7
59. Qe6+ Kh7 60. Qf5+ Qg6 61. Qd7+ Kh6 62. g5+ Qxg5 63. Qc6+ Qg6 64. Qxc5 Qh5+
0-1

[Event "XtraCon-Skakligaen"]
[Site "Denmark"]
[Date "2008.12.07"]
[Round "3.4"]
[White "Christensen, Tobias"]
[Black "Sobjerg, Erik"]
[Result "1/2-1/2"]
[WhiteElo "2347"]
[BlackElo "2304"]
[PlyCount "84"]
[EventDate "2008.11.01"]
[EventType "team-tourn"]
[EventRounds "9"]
[EventCountry "DEN"]
[WhiteTeam "Aarhus/Skolerne"]
[BlackTeam "SK1968"]
[WhiteTeamCountry "DEN"]
[BlackTeamCountry "DEN"]

1. e4 e5 2. Nf3 Nc6 3. Nc3 Nf6 4. Be2 d5 5. exd5 Nxd5 6. O-O Nxc3 7. dxc3 Qxd1
8. Rxd1 Bd6 9. b4 Bf5 10. Bd3 Bg4 11. a3 O-O-O 12. Be3 Kb8 13. Re1 Bxf3 14.
gxf3 f6 15. Be4 Ne7 16. c4 Ng6 17. c5 Be7 18. c6 bxc6 19. Bxc6 Nh4 20. Bc5 Bd6
21. Kf1 Nf5 22. Rab1 Nd4 23. Bxd4 exd4 24. h3 Be5 25. b5 d3 26. cxd3 Rxd3 27.
a4 h5 28. a5 Rhd8 29. a6 g5 30. Re2 Rd1+ 31. Rxd1 Rxd1+ 32. Kg2 Kc8 33. Be8 h4
34. Bc6 Rd4 35. Rc2 Kd8 36. Be4 Ke7 37. Bf5 Bd6 38. Re2+ Be5 39. Rc2 Bd6 40.
Be4 Ke6 41. Rb2 Rb4 42. Rxb4 Bxb4 1/2-1/2

[Event "XtraCon-Skakligaen"]
[Site "Denmark"]
[Date "2008.12.07"]
[Round "3.5"]
[White "Lindfeldt, Jan Magnus"]
[Black "Boe, Mads"]
[Result "1/2-1/2"]
[WhiteElo "2249"]
[BlackElo "2338"]
[PlyCount "78"]
[EventDate "2008.11.01"]
[EventType "team-tourn"]
[EventRounds "9"]
[EventCountry "DEN"]
[WhiteTeam "SK1968"]
[BlackTeam "Aarhus/Skolerne"]
[WhiteTeamCountry "DEN"]
[BlackTeamCountry "DEN"]

1. e4 c6 2. d4 d5 3. e5 Bf5 4. Nf3 e6 5. Be2 Nd7 6. O-O Ne7 7. Nbd2 Bg6 8. Nh4
Nf5 9. Nxg6 hxg6 10. Nf3 Nh4 11. g3 Nxf3+ 12. Bxf3 Qb6 13. Re1 Be7 14. c3 a5
15. Bg2 a4 16. h4 Qa7 17. Qg4 b5 18. Bf1 Rb8 19. Bd3 Nf8 20. Be3 c5 21. dxc5
Bxc5 22. Bd4 Qc7 23. Rac1 Qc6 24. Bxc5 Qxc5 25. Qb4 Nd7 26. b3 a3 27. Qg4 Ke7
28. Qg5+ Kf8 29. Qf4 Ke7 30. Rc2 Rh5 31. Qd4 Rhh8 32. f4 Rhc8 33. Rec1 Qb6 34.
Kg2 Rc7 35. Kf3 Nc5 36. Ke3 Nd7 37. Kf3 Kd8 38. Qb4 Qc5 39. Qd4 Qb6 1/2-1/2